Normal view
MARC view
- Mubashar Ahmed Khan
Entry Personal Name
001 - CONTROL NUMBER
- control field: 47787
003 - CONTROL NUMBER IDENTIFIER
- control field: NUST
005 - DATE AND TIME OF LATEST TRANSACTION
- control field: 20210314133915.0
008 - FIXED-LENGTH DATA ELEMENTS
- fixed length control field: 210314|| aca||aabn | a|a d
040 ## - CATALOGING SOURCE
- Original cataloging agency: NUST
- Transcribing agency: NUST
100 ## - HEADING--PERSONAL NAME
- Personal name: Mubashar Ahmed Khan
670 ## - SOURCE DATA FOUND
- Source citation: Work cat.: (NUST): Umar syn no 11 47785, Architectural Considerations with Building Construction Techniques for Risalpur, 19 April 2000
